00674nam a2200205Ia 4500008004100000020001800041040006900059041000800128060001200136100002400148245003700172250001000209260004100219300005900260504005300319650001800372650003200390650002400422650002200446130821s2011 sp ao gr spa  a9788480868242 aCo-BoUCMbspacJavier Garzón (modificó)dAldemar Mondragón00aspa00aQT 18.21 aConstanzo, Linda S.10aFisiologíacLinda S. Constanzo a4a ed aBarcelona (España)bElsevierc2011 ax, 493 páginasbilustraciones, fotografías a color aIncluye referencias bibliográficas e índices 4aCuerpo Humano 4aFisiología Cardiovascular 4aFisiología Humana 4aNeurofisiología